zpět

Detail výsledku týmu

Suzie's, Brno

Datum a čas kvízu

22.5 Celkem bodů Celkový počet nahraných bodů na tomto kvízu bez doplňovacích otázek.
10. Pořadí na kvízu Konečné umístění týmu na tomto kvízu.

Zaznamenané odpovědi

# Otázka Odpověď Body Výsledky
1. Poslankyně Alena Schillerová z... TikTok 1
2. Ve čtvrtek vystoupil na konfer... C) Jak dostat Putina před soud 0
3. Minulý týden kolovala internet... A) postrádala typické vlnky na povrchu 1
4. Dosavadním rozvážkovým službám... Česká pošta, COOP 1
5. Britský podnikatel Bernie Eccl... vozy Formule 1 1
6. Téma o nejpoužívanějších aplik... Netflix 0
7. Počet aktivních uživatelů je c... Snapchat 1
8. Jedna aplikace, ve které jsou... Duolingo 0
9. Ve které z těchto zemí jako v... C 1
10. Tento Evropan má kratičké příj... Spotify 0